00239nam a2200109Ia 4500008004100000100001000041245002500051250000800076260001900084300000800103650001800111191201s2019 xx 000 0 und d aRIVER 0aHandwriting Analysis a1st aN.DelhibRIVER a211 aGeneral Books